01393nam a22002773 450000100060000000300080000600500170001400800370003103500190006804000270008704100080011408200210012210000360014324500840017926000590026330000210032250400510034365000750039465100560046994200120052599900170053795201450055495201430069995201370084295201360097927583BD-RjUL20211209051156.0140325r19671913nyu b 001 0 d a(BD-RjUL)27657 aDLCbengcDLCdBD-RjUL aeng04a977.01bPHW 19671 aPhillips, Paul Chrisler.98471714aThe West in the diplomacy of the American revolution /cPaul Chrisler Phillips. aNew York :bRussell & Russell,cc1913 [reissued 1967]. a247 p. ;c22 cm. aIncludes bibliographical references and index. 0aMississippi River Valley vHistoryxRevolution,y1775-1783. 984718 0aUnited StatesxForeign relationsy1775-1783.984719 2ddccBK c27583d27583 00102ddc40718NFICaRUCLbRUCLcReadingd1985-09-28eAsia Foundation, Gift.l0o977.01 PHW 1967r2014-03-25 00:00:00tC-1w2021-12-09yBK 00102ddc40708NFICaRUCLbRUCLcStackd1994-07-11eAsia Foundation, Gift.l0o977.01 PHW 1967r2014-03-25 00:00:00tC-5w2014-03-25yBK 00102ddc40708NFICaRUCLbRUCLcStackd1989-06-25eZeitlingerg0.00l0o977.01 PHW 1967r2016-11-27 00:00:00tC-2w2016-11-27yBK 00102ddc40708NFICaRUCLbRUCLcStackd1989-06-25eAsia Foundationl0o977.01 PHW 1967r2017-02-23 00:00:00tC-3w2017-02-23yBK